00537nam a22001817a 450000500170000000800410001702000180005804000210007604100080009708200150010524500950012025000120021526000330022730000100026065000220027070000380029270000250033020250918094417.0250918b |||||||| |||| 00| 0 eng d a9789358495430 aIN-DiNCcIN-DiNC dasm a891.1bBHA aBharatiya sahitya:bSwarup aru mulyabudh/ced. by Pallabi Deka Buzarbaruah and Swati Kiran a1st ed. aDibrugarh:bBanalata,c2025. a328p. aIndian literature aBuzarbaruah, Pallabi DekaeEditor aKiran, SwatieEditor